Riconosci lo Stadio - Europa - Quiz n°6 - Statistics

Statistiche generali
  • Questo quiz è stato fatto 25 volte
  • Il punteggio medio è 4 su 10
Statistiche sulle risposte
con Immagini Risposta % Corretto
Stadio Giuseppe Meazza - Milano
95%
Anfield - Liverpool
84%
Johan Cruijff Arena - Amsterdam
79%
Stadio Ramón Sánchez-Pizjuán - Siviglia
47%
Stadio Olimpico - Kiev
32%
Stadio comunale di Braga - Braga
16%
Arena Kombëtare - Tirana
5%
Stadio Jan Breydel - Bruges
5%
Fritz-Walter-Stadion - Kaiserslautern
0%
Stadion Gdańsk - Danzica
0%
Nessun quiz corrispondente trovato
Distribuzione punteggi
Percentuale di utenti per punteggio
Percentile per numero di risposta
I tuoi punteggi nel tempo
Non hai fatto questo quiz